Finančnoekonomická analýza a kontrola Praktikum

Na minha lista:
Detalhes bibliográficos
Autor principal: Ralbovský, Milan
Autor Corporativo: Vysoká škola ekonomická v Bratislave. Národohospodárska fakulta
Formato: Livro
Idioma:eslovaco
Publicado em: Bratislava VŠE 1987
Edição:1. vyd.
Tags: Adicionar Tag
Sem tags, seja o primeiro a adicionar uma tag!

MARC

LEADER 00000nam a2200000 4500
001 c028480
005 20221219094519.1
041 0 |a slo 
044 |a SK 
245 1 0 |a Finančnoekonomická analýza a kontrola  |b Praktikum  |c Milan Ralbovský a kol. 
250 |a 1. vyd. 
264 1 |a Bratislava  |b VŠE  |c 1987 
300 |a 146 s. 
100 1 |a Ralbovský, Milan 
710 2 |a Vysoká škola ekonomická v Bratislave. Národohospodárska fakulta